Online
Catalog

Nicaragua : (Record no. 45740)

MARC details
000 -CABECERA
campo de control de longitud fija 00731nam a2200181 a 4500
001 - NÚMERO DE CONTROL
campo de control 000046251
005 - FECHA Y HORA DE LA ÚLTIMA TRANSACCIÓN
campo de control 20240315111350.0
008 - DATOS DE LONGITUD FIJA--INFORMACIÓN GENERAL
campo de control de longitud fija 150710s2004 dr 000 0 spa d
040 ## - FUENTE DE LA CATALOGACIÓN
Centro catalogador/agencia de origen DO-SdBNP
Lengua de catalogación spa
Centro/agencia transcriptor BNPHU
082 ## - NÚMERO DE LA CLASIFICACIÓN DECIMAL DEWEY
Número de clasificación xxxx
Número de documento/Ítem xxxx
100 1# - ENTRADA PRINCIPAL--NOMBRE DE PERSONA
Nombre de persona Blandino, Pedro
9 (RLIN) 61621
245 10 - MENCIÓN DE TÍTULO
Título Nicaragua :
Resto del título años de guerra y paz y la presencia dominicana (1987-1989) /
Mención de responsabilidad, etc. Pedro Blandino ; prólogo Víctor Gómez Bergés.
246 10 - FORMA VARIANTE DE TÍTULO
Título propio/Titulo breve Nicaragua, años de guerra y paz
260 ## - PUBLICACIÓN, DISTRIBUCIÓN, ETC.
Lugar de publicación, distribución, etc. Santo Domingo :
Nombre del editor, distribuidor, etc. Centenario,
Fecha de publicación, distribución, etc. 2004.
300 ## - DESCRIPCIÓN FÍSICA
Extensión 310 p. ;
Dimensiones 23 cm.
710 22 - PUNTO DE ACCESO ADICIONAL--NOMBRE DE ENTIDAD CORPORATIVA
Nombre de entidad corporativa o nombre de jurisdicción como elemento de entrada República Dominicana.
Unidad subordinada Secretaría de Estado de Relaciones Exteriores, Escuela Diplomática y Consular
9 (RLIN) 2252
700 12 - PUNTO DE ACCESO ADICIONAL--NOMBRE DE PERSONA
Nombre de persona Gómez Bergés, Víctor,
Fechas asociadas al nombre 1940-2023
Término indicativo de función/relación pról.
9 (RLIN) 17774
Holdings
Estado de retiro Estado de pérdida No para préstamo Código de colección Localización permanente Ubicación/localización actual Ubicación en estantería Fecha de adquisición Número de inventario Total de préstamos Signatura topográfica completa Código de barras Fecha visto por última vez Precio válido a partir de Tipo de ítem Koha Nota pública
    Excluido de préstamo Patrimonio Dominicano Patrimonio Dominicano Patrimonio Dominicano En catalogación 10.07.2015 LF1   xxxx xxxx 46251-10 25.06.2020 25.06.2020 Libro y Folleto Colección Patrimonio Dominicano Perteneció a la biblioteca personal de Chiqui Vicioso / Fidelio Despradel.

Powered by Koha